Zákon o používaní elektronickej registračnej pokladnice s komentárom

Zákon č. 286/2008 Z.z. o používaní elektronickej registračnej pokladnice a o zmene a doplnení zákona SNR č. 511/1992 Zb. o správe daní a poplatkov a o zmenách v sústave územných finančných orgánov v znení neskorších predpisov.

Enregistré dans:
Détails bibliographiques
Auteur principal: Hlaváčová, Jana
Format: Chapitre de livre
Langue:slovaque
Sujets:
Tags: Ajouter un tag
Pas de tags, Soyez le premier à ajouter un tag!

MARC

LEADER 00000naa$a2200000$$$4500
001 0082327
005 20231120082753.6
041 0 |a slo 
044 |a SK 
245 1 0 |a Zákon o používaní elektronickej registračnej pokladnice s komentárom  |c Jana Hlaváčová 
520 |a Zákon č. 286/2008 Z.z. o používaní elektronickej registračnej pokladnice a o zmene a doplnení zákona SNR č. 511/1992 Zb. o správe daní a poplatkov a o zmenách v sústave územných finančných orgánov v znení neskorších predpisov. 
610 2 0 |a pokladnice registračné 
610 2 0 |a elektronika spotrebná 
610 2 0 |a zákony 
610 2 0 |a Slovensko 
610 2 0 |a komentáre 
610 2 0 |a 2008 
100 1 |a Hlaváčová, Jana